| 000 | 00674nam a22002297a 4500 | ||
|---|---|---|---|
| 003 | OSt | ||
| 005 | 20180224075248.0 | ||
| 008 | 151112b xxu||||| |||| 00| 0 eng d | ||
| 020 | _a9789712366451 | ||
| 040 | _cLIC | ||
| 082 |
_22013 _aDFil 339 _bP149 |
||
| 100 |
_aPagoso, Cristobal _9530 |
||
| 245 |
_aIntroductory macroeconomics/ _cCristobal Pagoso |
||
| 260 |
_aManila: _bRex Bookstore, _cc2013. |
||
| 300 |
_axi, 277 pages; _c25 cm. |
||
| 365 |
_b441.00 _cPhp |
||
| 500 | _aIncludes references and index. | ||
| 650 | 0 |
_9531 _aMacroeconomics |
|
| 700 |
_9534 _aRosemary Dinio |
||
| 700 |
_9535 _aGeorge Villasis |
||
| 942 |
_2ddc _cDFIL |
||
| 999 |
_c255 _d255 |
||